Konkurencieschopnosť na pozadí globálnej a dlhovej krízy v Európskej únii
Analýza aktuálnych otázok súvisiacich s konkurencieschopnosťou jednotlivých národných ekonomík a integračných zoskupení, so zameraním na Európsku úniu, ktoré priniesla finančná a ekonomická kríza a jej konzekvencie pre rast konkurencieschopnosti národných ekonomík.
Salvato in:
| Autore principale: | |
|---|---|
| Natura: | Capitolo di libro |
| Lingua: | slovacco |
| Soggetti: | |
| Tags: |
Nessun Tag, puoi essere il primo ad aggiungerne!!
|
MARC
| LEADER | 00000nla$a2200000$$$4500 | ||
|---|---|---|---|
| 001 | 0120648 | ||
| 005 | 20240530072014.6 | ||
| 041 | 0 | |a slo | |
| 044 | |a SK | ||
| 245 | 1 | 0 | |a Konkurencieschopnosť na pozadí globálnej a dlhovej krízy v Európskej únii |c Andrej Hamara |
| 520 | |a Analýza aktuálnych otázok súvisiacich s konkurencieschopnosťou jednotlivých národných ekonomík a integračných zoskupení, so zameraním na Európsku úniu, ktoré priniesla finančná a ekonomická kríza a jej konzekvencie pre rast konkurencieschopnosti národných ekonomík. | ||
| 610 | 2 | 0 | |a Európska únia |
| 610 | 2 | 0 | |a kríza finančná |
| 610 | 2 | 0 | |a kríza hospodárska |
| 610 | 2 | 0 | |a dlhy |
| 610 | 2 | 0 | |a konkurencieschopnosť |
| 610 | 2 | 0 | |a hospodárstvo národné |
| 100 | 1 | |a Hamara, Andrej | |